000 00707 a2200229 4500
001 75379
005 20260121153051.0
010 _a978-989-687-907-5
090 _a75379
100 _a20260121d2024 m||y0pory50 ba
101 0 _apor
102 _aPT
200 1 _aQuem mexeu no meu queijo?
_ecomo lidar com a mudanȧ no seu trabalho e na sua vida
_fSpencer Johnson
_gtrad. Joô Fľix Galizes
210 _aLisboa
_cPergaminho
_d2024
215 _a92, [4] p.
304 _aTt̕. orig.: Who moved my cheese?
606 _aPsicologia
_92881
675 _a15
_zpor
_v2.® ed.
675 _a159.923(035)
_vBN
700 _aJohnson
_bSpencer
_f1938-2017
_925574
702 _aGalizes
_bJoô Fľix
_4730
_921165
942 _cMON
_n0